Introduction to Architectural Conservation: Philosophy Legislation and Practice (Record no. 369441)

MARC details
000 -LEADER
fixed length control field 00413 a2200145 4500
005 - DATE AND TIME OF LATEST TRANSACTION
control field 20251222112248.0
008 - FIXED-LENGTH DATA ELEMENTS--GENERAL INFORMATION
fixed length control field 251219b |||||||| |||| 00| 0 eng d
020 ## - INTERNATIONAL STANDARD BOOK NUMBER
International Standard Book Number 9781859465295
082 ## - DEWEY DECIMAL CLASSIFICATION NUMBER
Classification number 720.94/EVA
100 ## - MAIN ENTRY--PERSONAL NAME
Author Evans N L
245 ## - TITLE STATEMENT
Title Introduction to Architectural Conservation: Philosophy Legislation and Practice
260 ## - PUBLICATION, DISTRIBUTION, ETC.
Name of publisher, distributor, etc. Riba Publishing
Date of publication, distribution, etc. 2014
Place of publication, distribution, etc. NEI
300 ## - PHYSICAL DESCRIPTION
Extent 125P
Other physical details PB
942 ## - ADDED ENTRY ELEMENTS (KOHA)
Koha item type Books
Holdings
Withdrawn status Lost status Source of classification or shelving scheme Damaged status Not for loan Home library Current library Date acquired Vendor Net Price Total Checkouts Full call number Barcode Date last seen Actual Price Bill Date Koha item type
    Dewey Decimal Classification     Dr. Bhanuben Nanavati College of Architecture Dr. Bhanuben Nanavati College of Architecture 18/12/2025 213 3088.26   720.94/EVA BNCA-BK-13411 18/12/2025 4902.00 18/12/2025 Books